000 00456nam a22001577a 4500
005 20251120123456.0
008 251120b |||||||| |||| 00| 0 eng d
020 _a979-8-88715-122-9
100 _aGREEN, ISABEL
245 _aHOSPITALITY AND FOOD MANAGEMENT
260 _aDUBLIN
_bORYSON PRESS
_c2023
300 _aVIII, 290P.
500 _aINCLUDES INDEX
700 _a1.HOSPITALITY INDUSTRY - MANAGEMENT 2. FOOD SERVICE MANAGEMENT
942 _2lcc
_cBK
999 _c216233
_d216233